Statistics for Highest Point In Each U.S. State

Click here to take the quiz!

General Stats

  • This quiz has been taken 9 times
  • The average score is 25 of 50

Answer Stats

StateHighest Point% Correct
AlaskaDenali
100%
OregonMount Hood
83%
VermontMount Mansfield
67%
WashingtonMount Rainier
67%
CaliforniaMount Whitney
67%
South DakotaBlack Elk Peak
50%
OklahomaBlack Mesa
50%
KentuckyBlack Mountain
50%
IdahoBorah Peak
50%
NevadaBoundary Peak
50%
IllinoisCharles Mound
50%
AlabamaCheaha Mountain
50%
TennesseeClingmans Dome
50%
LouisianaDriskill Mountain
50%
WyomingGannett Peak
50%
MontanaGranite Peak
50%
TexasGuadalupe Peak
50%
IowaHawkeye Point
50%
New JerseyHigh Point
50%
IndianaHoosier Hill
50%
MarylandHoye-Crest
50%
ArizonaHumphreys Peak
50%
Rhode IslandJerimoth Hill
50%
UtahKings Peak
50%
ConnecticutMassachusetts border on the southern slope of Mount Frissell
50%
HawaiiMauna Kea on the Island of Hawai'i
50%
MichiganMount Arvon
50%
PennsylvaniaMount Davis
50%
ColoradoMount Elbert
50%
MassachusettsMount Greylock
50%
ArkansasMount Magazine
50%
New YorkMount Marcy
50%
North CarolinaMount Mitchell
50%
VirginiaMount Rogers
50%
KansasMount Sunflower
50%
New HampshireMount Washington
50%
DelawareNear the Ebright Azimuth
50%
NebraskaPanorama Point
50%
South CarolinaSassafras Mountain
50%
West VirginiaSpruce Knob
50%
MissouriTaum Sauk Mountain
50%
WisconsinTimms Hill
50%
New MexicoWheeler Peak
50%
GeorgiaBrasstown Bald
33%
FloridaBritton Hill
33%
OhioCampbell Hill
33%
MinnesotaEagle Mountain
33%
MaineMount Katahdin
33%
MississippiWoodall Mountain
33%
North DakotaWhite Butte
17%

Score Distribution

Percentile by Number Answered

Percent of People with Each Score

Your Score History

You have not taken this quiz